000 00281nam a22001337a 4500
041 _aEnglish
082 _a291.42 STA
100 _aStaal, Frits
245 _aExploring Mysticism
260 _aEngland
_bPenguin Books
_c1975
300 _a224
650 _aMysticism
942 _cBK
999 _c21018
_d21018